Wahrheit in Beziehung: Der dreieine Gott als Quelle und Orienterung menschlicher Kommunikation

Sparad:
Bibliografiska uppgifter
Huvudupphovsmän: Hilberath, Bernd Jochen (Författare, medförfattare), Kraml, Martina (Författare, medförfattare), Scharer, Matthias (Författare, medförfattare)
Materialtyp: Bok
Språk:tyska
Publicerad: Mainz Matthias-Grunewald 2003
Upplaga:1a. ed
Ämnen:
Taggar: Lägg till en tagg
Inga taggar, Lägg till första taggen!

MARC

LEADER 00000cam a2200000 a 4500
001 UCE7173
003 CL-VaPUC
008 150529e20030000gw |||||||||||||||||ger|d
020 |a 3786724539 
082 0 4 |a 231.044  |b HIL  |2 21 
100 |a Hilberath, Bernd Jochen  |e author  |9 580685 
700 0 |a Kraml, Martina  |e author  |9 579863 
700 0 |a Scharer, Matthias  |e author  |9 579864 
245 1 0 |a Wahrheit in Beziehung: Der dreieine Gott als Quelle und Orienterung menschlicher Kommunikation 
250 |a 1a. ed 
300 |a 250 p 
942 |c BK 
945 |d 20150529 15:00:00  |a dcastane 
260 |a Mainz  |b Matthias-Grunewald  |c 2003 
650 7 |a SANTISIMA TRINIDAD  |2 CL-VaPUC  |9 479104 
650 0 |a Dios   |9 266622 
650 0 |a Teología cristiana  |9 308336 
583 |a last modification  |c 20150529 15:00:00  |k Rodrigo Vera 
999 |c 359296  |d 359294 
952 |0 0  |1 0  |3 erb  |4 0  |6 231_044000000000000_HIL_2003  |7 0  |8 A  |9 468445  |a BIBTEO  |b BIBTEO  |e Casale Rolle, Carlos Ignacio, -2014  |i 5182875  |o 231.044 HIL 2003  |p 5182875  |r 2025-01-17  |w 2019-11-23  |y BK  |z Catalogado en:20150529  |k ICR